Visualizzazione normale
Vista MARC
- Anderson Cat
di Personal Name
Records bibliografici associati: 1
001 - CONTROL NUMBER
- control field: 13623
003 - CONTROL NUMBER IDENTIFIER
- control field: IT-RoPau
005 - DATE AND TIME OF LATEST TRANSACTION
- control field: 20140215094250.0
008 - FIXED-LENGTH DATA ELEMENTS
- fixed length control field: 140215|| aca||aabn | a|a d
040 ## - CATALOGING SOURCE
- Original cataloging agency: IT-RoPau
- Transcribing agency: IT-RoPau
100 ## - HEADING--PERSONAL NAME
- Personal name: Anderson Cat
- Miscellaneous information: Codice autore musica SPICS: 16298
- Relator term: Autore musica
- Name of part/section of a work: El Gato
670 ## - SOURCE DATA FOUND
- Source citation: Work cat.: (IT-RoPau)102505: Ellington Duke 13610, Duke Ellington Live 1958